Význam a postavenie marketingu v manažérstve kvality diplomová práca

Uložené v:
Podrobná bibliografia
Hlavný autor: Adamcová, Iveta
Korporativný autor: Obchodná fakulta EU. Katedra tovaroznalectva a kvality tovaru
Ďalší autori: Krnáčová, Paulína, 1983-
Médium: Kniha
Jazyk:Slovak
Vydavateľské údaje: Bratislava 2015
Tagy: Pridať tag
Žiadne tagy, Buďte prvý, kto otaguje tento záznam!

MARC

LEADER 00000nbm a2200000 4500
001 0206481
005 20161212103249.4
041 0 |a slo 
044 |a SK 
245 1 0 |a Význam a postavenie marketingu v manažérstve kvality  |b diplomová práca  |c Iveta Adamcová ; školiteľ: Paulína Krnáčová 
264 1 |a Bratislava  |c 2015 
300 |a 57 s. 
100 1 |a Adamcová, Iveta 
700 1 |a Krnáčová, Paulína, 1983- 
710 2 |a Obchodná fakulta EU. Katedra tovaroznalectva a kvality tovaru